The elegant universe : (Record no. 591952)

000 -LEADER
fixed length control field 01008cam a2200289 a 4500
001 - CONTROL NUMBER
control field 11983296
003 - CONTROL NUMBER IDENTIFIER
control field NUST
005 - DATE AND TIME OF LATEST TRANSACTION
control field 20221019143903.0
008 - FIXED-LENGTH DATA ELEMENTS--GENERAL INFORMATION
fixed length control field 000421s1999 enka b 001 0 eng
010 ## - LIBRARY OF CONGRESS CONTROL NUMBER
LC control number 00304276
020 ## - INTERNATIONAL STANDARD BOOK NUMBER
International Standard Book Number 9780393058581
038 ## - RECORD CONTENT LICENSOR
Staff Name Azhar
040 ## - CATALOGING SOURCE
Original cataloging agency DLC
Transcribing agency DLC
Modifying agency DLC
050 00 - LIBRARY OF CONGRESS CALL NUMBER
Classification number QC794.6.S85
Item number G75 1999b
082 00 - DEWEY DECIMAL CLASSIFICATION NUMBER
Classification number 539.7258
Edition number 21
Author Mark GRE
100 1# - MAIN ENTRY--PERSONAL NAME
Personal name Greene, B.
Fuller form of name (Brian),
Dates associated with a name 1963-
9 (RLIN) 100828
245 14 - TITLE STATEMENT
Title The elegant universe :
Remainder of title superstrings, hidden dimensions, and the quest for the ultimate theory
Statement of responsibility, etc. Brian Greene.
260 ## - PUBLICATION, DISTRIBUTION, ETC.
Place of publication, distribution, etc. London :
Name of publisher, distributor, etc. W.W Norton & company
Date of publication, distribution, etc. 2003
300 ## - PHYSICAL DESCRIPTION
Extent xiii, 448 p. :
Other physical details ill. ;
Dimensions 24 cm.
504 ## - BIBLIOGRAPHY, ETC. NOTE
Bibliography, etc. note Includes bibliographical references (p. 427-428) and index.
563 ## - BINDING INFORMATION
Binding note HB
650 #0 - SUBJECT ADDED ENTRY--TOPICAL TERM
Topical term or geographic name entry element Superstring theories.
9 (RLIN) 100829
650 #0 - SUBJECT ADDED ENTRY--TOPICAL TERM
Topical term or geographic name entry element Cosmology.
906 ## - LOCAL DATA ELEMENT F, LDF (RLIN)
a 7
b cbc
c origcop
d 2
e ncip
f 20
g y-gencatlg
942 ## - ADDED ENTRY ELEMENTS (KOHA)
Source of classification or shelving scheme
Koha item type Lincoln Corner
Holdings
Withdrawn status Lost status Source of classification or shelving scheme Damaged status Not for loan Permanent Location Current Location Shelving location Date acquired Full call number Barcode Date last seen Price effective from Koha item type
          Central Library (CL) Central Library (CL) Lincoln Corner 10/19/2022 539.7258 GRE LC-423 10/19/2022 10/19/2022 Reference
© 2023 Central Library, National University of Sciences and Technology. All Rights Reserved.